00360nam a2200133Ia 45000010005000000080041000050200022000460820022000681000020000902450044001102600030001549010027001849990015002112680241024s9999 xx 000 0 und d a978-9945-8830-1-5 aRD/972.9302/M938i aFrank Moya Pons 0aInvasión y Conquista de la Española bEd. Amigo del Hogarc2012 a5/12/2012 3:49:06 p.m. c7582d7582